[Event "4NCL/2001-02/D3/PP2-MK"]
[Site "Rd05-Birmingham"]
[Date "2002.01.19"]
[Round "5.3"]
[White "Quilter, Thomas"]
[Black "Smith, Graham M"]
[Result "1/2-1/2"]
[WhiteElo "2054"]
[BlackElo "1992"]
[PlyCount "60"]
[EventDate "2002.01.19"]
[EventType "team-match"]
[EventCountry "ENG"]
[SourceTitle "BritBase"]
[Source "John Saunders"]
[SourceDate "2024.10.24"]
[SourceVersion "1"]
[SourceVersionDate "2024.10.24"]
[SourceQuality "1"]
[WhiteTeam "Poisoned Pawns 2"]
[BlackTeam "Milton Keynes"]
[WhiteTeamCountry "ENG"]
[BlackTeamCountry "ENG"]

1. e4 d6 2. d4 Nf6 3. Nc3 g6 4. Be3 Bg7 5. Qd2 c6 6. f3 b5 7. a3 a6 8. g4 h5 9. g5 Nfd7 10. f4 Nb6 11. Nf3 d5 12. Ne5 dxe4 13. Nxe4 Bf5 14. Ng3 e6 15. Nxf5 exf5 16. d5 Nxd5 17. Bc5 Bxe5 18. fxe5 Nd7 19. Bd6 Qb6 20. O-O-O Qe3 21. Qxe3 Nxe3 22. Re1 Nxf1 23. e6 Nf8 24. exf7+ Kxf7 25. Re7+ Kg8 26. Rxf1 Rh7 27. Rfe1 Rxe7 28. Rxe7 Rd8 29. Bc5 Rd5 30. b4 Nd7 1/2-1/2

[Event "4NCL/2001-02/D3/PP2-MK"]
[Site "Rd05-Birmingham"]
[Date "2002.01.19"]
[Round "5.4"]
[White "Elwin, Adrian G"]
[Black "Winfridsson, Ola"]
[Result "0-1"]
[WhiteElo "1968"]
[BlackElo "2032"]
[PlyCount "64"]
[EventDate "2002.01.19"]
[EventType "team-match"]
[EventCountry "ENG"]
[SourceTitle "BritBase"]
[Source "John Saunders"]
[SourceDate "2024.10.24"]
[SourceVersion "1"]
[SourceVersionDate "2024.10.24"]
[SourceQuality "1"]
[WhiteTeam "Milton Keynes"]
[BlackTeam "Poisoned Pawns 2"]
[WhiteTeamCountry "ENG"]
[BlackTeamCountry "ENG"]

1. Nf3 e6 2. c4 Nf6 3. d4 Bb4+ 4. Bd2 Qe7 5. Qc2 Bxd2+ 6. Nbxd2 d6 7. e3 a5 8. Bd3 Nc6 9. a3 e5 10. d5 Nb8 11. h3 O-O 12. O-O Na6 13. Bf5 g6 14. Bxc8 Rfxc8 15. Rac1 c6 16. dxc6 Rxc6 17. Qb1 a4 18. Ng5 Nc5 19. Nge4 Nfxe4 20. Nxe4 Nb3 21. Rcd1 Rd8 22. Qd3 Nc5 23. Nxc5 Rxc5 24. f4 e4 25. Qd4 f5 26. Rf2 Qc7 27. Qf6 Rxc4 28. Rfd2 Rc6 29. g4 d5 30. Qxd8+ Qxd8 31. Rxd5 Qb6 32. Rd8+ Kf7 0-1

[Event "4NCL/2001-02/D3/PP2-MK"]
[Site "Rd05-Birmingham"]
[Date "2002.01.19"]
[Round "5.5"]
[White "Retallick, Lloyd"]
[Black "Kendall, Paul Stephen N"]
[Result "0-1"]
[WhiteElo "1992"]
[BlackElo "1968"]
[PlyCount "104"]
[EventDate "2002.01.19"]
[EventType "team-match"]
[EventCountry "ENG"]
[SourceTitle "BritBase"]
[Source "John Saunders"]
[SourceDate "2024.10.24"]
[SourceVersion "1"]
[SourceVersionDate "2024.10.24"]
[SourceQuality "1"]
[WhiteTeam "Poisoned Pawns 2"]
[BlackTeam "Milton Keynes"]
[WhiteTeamCountry "ENG"]
[BlackTeamCountry "ENG"]

1. d4 Nf6 2. c4 e6 3. Nc3 Bb4 4. e3 O-O 5. Nf3 d5 6. Bd3 c5 7. a3 Bxc3+ 8. bxc3 dxc4 9. Bxc4 Nc6 10. O-O Qc7 11. Bb5 Bd7 12. Bb2 b6 13. Qe2 Na5 14. Bxd7 Nxd7 15. Rad1 cxd4 16. cxd4 Qc4 17. Rd3 Rac8 18. Rfd1 Qb5 19. R3d2 Qxe2 20. Rxe2 Nc4 21. a4 a6 22. Bc3 Rfd8 23. Bb4 Nb8 24. Rc2 b5 25. axb5 axb5 26. Rdc1 Nc6 27. Be1 f6 28. Nd2 Nb4 29. Rxc4 bxc4 30. Rxc4 Nd3 31. Rxc8 Rxc8 32. Nf3 g5 33. g4 f5 34. h3 fxg4 35. hxg4 h6 36. Kf1 Kg7 37. Bd2 Kf6 38. Ke2 Nb2 39. Ne5 Nc4 40. Nxc4 Rxc4 41. Ba5 e5 42. Bd8+ Ke6 43. dxe5 Rxg4 44. Kf3 h5 45. Bc7 Kf5 46. Ke2 h4 47. e6 Kxe6 48. Kf3 Kf5 49. Bd6 Rg1 50. Bh2 g4+ 51. Ke2 Rg2 52. Bf4 g3 0-1

[Event "4NCL/2001-02/D3/PP2-MK"]
[Site "Rd05-Birmingham"]
[Date "2002.01.19"]
[Round "5.6"]
[White "Griffiths, Adele"]
[Black "James, Stephen B"]
[Result "1/2-1/2"]
[WhiteElo "2005"]
[BlackElo "1904"]
[PlyCount "53"]
[EventDate "2002.01.19"]
[EventType "team-match"]
[EventCountry "ENG"]
[SourceTitle "BritBase"]
[Source "John Saunders"]
[SourceDate "2024.10.24"]
[SourceVersion "1"]
[SourceVersionDate "2024.10.24"]
[SourceQuality "1"]
[WhiteTeam "Milton Keynes"]
[BlackTeam "Poisoned Pawns 2"]
[WhiteTeamCountry "ENG"]
[BlackTeamCountry "ENG"]

1. e4 e5 2. Nc3 Nf6 3. Bc4 Nc6 4. d3 Bb4 5. Nge2 d5 6. exd5 Nxd5 7. Bd2 Nf6 8. O-O O-O 9. a3 Be7 10. h3 a6 11. b4 h6 12. Ng3 Nd4 13. Nce2 Nd5 14. Nxd4 exd4 15. Qh5 Be6 16. Qf3 Bg5 17. Bxg5 Qxg5 18. Ne4 Qe7 19. Nc5 c6 20. Rfe1 Rad8 21. Re5 Qc7 22. Qg3 Bc8 23. Rae1 b6 24. Ne4 a5 25. bxa5 bxa5 26. Nd2 Qd6 27. Ra1 1/2-1/2

[Event "4NCL/2001-02/D3/PP2-MK"]
[Site "Rd05-Birmingham"]
[Date "2002.01.19"]
[Round "5.7"]
[White "Quintana, Marcos I"]
[Black "Valentine, Brian J"]
[Result "1-0"]
[WhiteElo "1850"]
[BlackElo "1904"]
[PlyCount "89"]
[EventDate "2002.01.19"]
[EventType "team-match"]
[EventCountry "ENG"]
[SourceTitle "BritBase"]
[Source "John Saunders"]
[SourceDate "2024.10.24"]
[SourceVersion "1"]
[SourceVersionDate "2024.10.24"]
[SourceQuality "1"]
[WhiteTeam "Poisoned Pawns 2"]
[BlackTeam "Milton Keynes"]
[WhiteTeamCountry "ENG"]
[BlackTeamCountry "ENG"]

1. e4 Nc6 2. d4 e5 3. Nf3 exd4 4. Nxd4 Nf6 5. Nxc6 bxc6 6. Bd3 d5 7. Nd2 Bc5 8. O-O Bg4 9. Qe1 O-O 10. Kh1 Re8 11. f3 Bh5 12. Qh4 Bg6 13. Nb3 Be7 14. e5 Nd7 15. Qd4 a5 16. Bxg6 hxg6 17. a4 Nf8 18. Bd2 Ne6 19. Qg4 d4 20. f4 Qd5 21. f5 gxf5 22. Qxf5 Nf8 23. Rae1 Bb4 24. Bxb4 axb4 25. Rf4 c5 26. a5 Ng6 27. Rfe4 d3 28. cxd3 Qxb3 29. e6 Rxe6 30. Rxe6 fxe6 31. Qxg6 Rf8 32. h3 Qxb2 33. Qxe6+ Kh8 34. Re4 Rf1+ 35. Kh2 Rf6 36. Rh4+ Rh6 37. Rxh6+ gxh6 38. Qxh6+ Kg8 39. Qg5+ Kf7 40. Qxc5 Qc3 41. Qd5+ Kf6 42. a6 Qa3 43. Qd4+ Ke7 44. a7 b3 45. Qe4+ 1-0

[Event "4NCL/2001-02/D3/SCS-AFC"]
[Site "Rd05-Birmingham"]
[Date "2002.01.19"]
[Round "5.1"]
[White "Greet, Andrew N"]
[Black "Carleton, John Joseph"]
[Result "1/2-1/2"]
[WhiteElo "2245"]
[BlackElo "2250"]
[PlyCount "54"]
[EventDate "2002.01.19"]
[EventType "team-match"]
[EventCountry "ENG"]
[SourceTitle "BritBase"]
[Source "John Saunders"]
[SourceDate "2024.10.24"]
[SourceVersion "1"]
[SourceVersionDate "2024.10.24"]
[SourceQuality "1"]
[WhiteTeam "Southern Counties Stars"]
[BlackTeam "All Four Corners"]
[WhiteTeamCountry "ENG"]
[BlackTeamCountry "ENG"]

1. e4 Nf6 2. e5 Nd5 3. d4 d6 4. c4 Nb6 5. exd6 cxd6 6. Nc3 g6 7. a4 Bg7 8. a5 N6d7 9. Nf3 O-O 10. Ra3 Nf6 11. Be2 d5 12. O-O dxc4 13. Bxc4 Bg4 14. Be2 Nc6 15. a6 bxa6 16. Rxa6 Nb4 17. Ra3 a5 18. h3 Bf5 19. Ne5 Rc8 20. g4 Bc2 21. Qd2 Ne4 22. Qe3 Nd5 23. Qf3 Ndxc3 24. bxc3 Bxe5 25. dxe5 Nd2 26. Bxd2 Qxd2 27. Rxa5 Rxc3 1/2-1/2

[Event "4NCL/2001-02/D3/SCS-AFC"]
[Site "Rd05-Birmingham"]
[Date "2002.01.19"]
[Round "5.2"]
[White "Toothill, John"]
[Black "Edwards, David"]
[Result "0-1"]
[WhiteElo "2192"]
[BlackElo "2189"]
[PlyCount "100"]
[EventDate "2002.01.19"]
[EventType "team-match"]
[EventCountry "ENG"]
[SourceTitle "BritBase"]
[Source "John Saunders"]
[SourceDate "2024.10.24"]
[SourceVersion "1"]
[SourceVersionDate "2024.10.24"]
[SourceQuality "1"]
[WhiteTeam "All Four Corners"]
[BlackTeam "Southern Counties Stars"]
[WhiteTeamCountry "ENG"]
[BlackTeamCountry "ENG"]

1. e4 d5 2. exd5 Nf6 3. d4 Bg4 4. Be2 Bxe2 5. Nxe2 Qxd5 6. O-O e6 7. Bf4 c6 8. Nbc3 Qd8 9. Qd3 Be7 10. Rad1 O-O 11. Rfe1 Nbd7 12. Ng3 Nd5 13. Nce2 Nxf4 14. Nxf4 Bd6 15. Qf3 Bxf4 16. Qxf4 Nf6 17. c4 Qb6 18. b3 Rad8 19. Re5 h6 20. h3 Rd7 21. Ne2 Rfd8 22. Rd3 Qb4 23. g4 Nh7 24. h4 Nf8 25. h5 f6 26. Re4 e5 27. Qf5 Qe1+ 28. Kg2 Qa1 29. g5 fxg5 30. Qxe5 Qxa2 31. Ng3 Rf7 32. Nf5 Rdd7 33. d5 cxd5 34. cxd5 Rxf5 35. Qxf5 Rf7 36. Qxf7+ Kxf7 37. Rf3+ Kg8 38. Re8 Qa3 39. Kf1 Qd6 40. Kg1 Qb4 41. Rd8 Qg4+ 42. Rg3 Qxh5 43. Rc3 Kf7 44. Rc7+ Kg6 45. Rxb7 Qd1+ 46. Kh2 Qf3 47. Kg1 Kh5 48. Re7 Ng6 49. Re3 Qd1+ 50. Kh2 Qf1 0-1

[Event "4NCL/2001-02/D3/SCS-AFC"]
[Site "Rd05-Birmingham"]
[Date "2002.01.19"]
[Round "5.3"]
[White "Habibi, Amir"]
[Black "Savory, Richard J"]
[Result "1-0"]
[WhiteElo "2061"]
[BlackElo "2115"]
[PlyCount "71"]
[EventDate "2002.01.19"]
[EventType "team-match"]
[EventCountry "ENG"]
[SourceTitle "BritBase"]
[Source "John Saunders"]
[SourceDate "2024.10.24"]
[SourceVersion "1"]
[SourceVersionDate "2024.10.24"]
[SourceQuality "1"]
[WhiteTeam "Southern Counties Stars"]
[BlackTeam "All Four Corners"]
[WhiteTeamCountry "ENG"]
[BlackTeamCountry "ENG"]

1. e4 c5 2. Nf3 d6 3. d4 cxd4 4. Nxd4 Nf6 5. Nc3 a6 6. f4 e6 7. Qf3 Qc7 8. Be3 Be7 9. Bd3 Nc6 10. a4 O-O 11. O-O Bd7 12. Qg3 Rfd8 13. f5 Nxd4 14. Bxd4 e5 15. Be3 Bc6 16. Bh6 Bf8 17. Bg5 Be7 18. Rae1 Re8 19. Bc4 Rac8 20. Rf3 b5 21. axb5 axb5 22. Bxf6 Bxf6 23. Bd5 Bd7 24. Bb3 Qd8 25. Rd1 b4 26. Nd5 Bb5 27. Qf2 Bc6 28. Qd2 Rb8 29. Rff1 Bg5 30. Qe2 Bb5 31. Bc4 Qc8 32. Bxb5 Qc5+ 33. Kh1 Rxb5 34. Qg4 Bd8 35. f6 g6 36. Qg5 1-0

[Event "4NCL/2001-02/D3/SCS-AFC"]
[Site "Rd05-Birmingham"]
[Date "2002.01.19"]
[Round "5.4"]
[White "Milnes, Anthony CP"]
[Black "Lutton, E Josiah"]
[Result "1-0"]
[WhiteElo "2138"]
[BlackElo "2031"]
[PlyCount "111"]
[EventDate "2002.01.19"]
[EventType "team-match"]
[EventCountry "ENG"]
[SourceTitle "BritBase"]
[Source "John Saunders"]
[SourceDate "2024.10.24"]
[SourceVersion "1"]
[SourceVersionDate "2024.10.24"]
[SourceQuality "1"]
[WhiteTeam "All Four Corners"]
[BlackTeam "Southern Counties Stars"]
[WhiteTeamCountry "ENG"]
[BlackTeamCountry "ENG"]

1. e4 e6 2. d4 d5 3. e5 c5 4. c3 Nc6 5. Be3 Qb6 6. Qd2 f6 7. Nf3 Qc7 8. Bb5 Nge7 9. O-O Ng6 10. exf6 gxf6 11. dxc5 Bd7 12. b4 Rg8 13. Na3 a6 14. Ba4 f5 15. Rfe1 O-O-O 16. Bxc6 Bxc6 17. Bd4 Bg7 18. Qe3 e5 19. Nxe5 Nxe5 20. Bxe5 Bxe5 21. Qxe5 Qxe5 22. Rxe5 d4 23. g3 d3 24. Nc4 d2 25. Nd6+ Rxd6 26. cxd6 Bf3 27. Re3 d1=Q+ 28. Rxd1 Bxd1 29. f4 Rd8 30. Rd3 Bc2 31. Rd4 Kd7 32. c4 Re8 33. Rd2 Re1+ 34. Kf2 Rh1 35. Ke3 Be4 36. c5 Rb1 37. a3 Rc1 38. Kd4 Ke6 39. d7 Kxd7 40. Ke5+ Ke7 41. Rd6 h5 42. Rh6 Ra1 43. Rh7+ Kd8 44. Kf6 Bf3 45. Rh8+ Kd7 46. Kxf5 {(=)} Rh1 47. Rh7+ Kc6 48. Kg5 Rxh2 49. f5 Be4 50. g4 h4 51. Rh6+ Kd5 52. Rxh4 Rxh4 53. Kxh4 Ke5 54. Kg5 Bc2 55. Kg6 Kf4 56. Kg7 1-0

[Event "4NCL/2001-02/D3/SCS-AFC"]
[Site "Rd05-Birmingham"]
[Date "2002.01.19"]
[Round "5.5"]
[White "Lutton, J Ezra"]
[Black "Milnes, John DH"]
[Result "1-0"]
[WhiteElo "2090"]
[BlackElo "1800"]
[PlyCount "71"]
[EventDate "2002.01.19"]
[EventType "team-match"]
[EventCountry "ENG"]
[SourceTitle "BritBase"]
[Source "John Saunders"]
[SourceDate "2024.10.24"]
[SourceVersion "1"]
[SourceVersionDate "2024.10.24"]
[SourceQuality "1"]
[WhiteTeam "Southern Counties Stars"]
[BlackTeam "All Four Corners"]
[WhiteTeamCountry "ENG"]
[BlackTeamCountry "ENG"]

1. Nc3 d5 2. e4 d4 3. Nce2 e5 4. Ng3 Be6 5. Nf3 Nc6 6. Bb5 Bd6 7. d3 a6 8. Ba4 b5 9. Bb3 Bxb3 10. axb3 Nge7 11. O-O O-O 12. Nh4 Re8 13. Nhf5 Nxf5 14. Nxf5 Bf8 15. Qg4 Qf6 16. f4 Qg6 17. Qh3 f6 18. Rf3 Kh8 19. Qh4 Qf7 20. Rh3 g6 21. Nh6 Bxh6 22. Qxh6 Nb4 23. c3 Nc2 24. Rb1 Rad8 25. fxe5 Rxe5 26. Bf4 Rh5 27. Rxh5 gxh5 28. Rc1 Rg8 29. Bd2 Rg6 30. Qf4 Qxb3 31. Qxc7 Ne3 32. Qd8+ Kg7 33. Qd7+ Kg8 34. cxd4 Nc4 35. dxc4 Qf3 36. Qe8+ 1-0

[Event "4NCL/2001-02/D3/SCS-AFC"]
[Site "Rd05-Birmingham"]
[Date "2002.01.19"]
[Round "5.6"]
[White "Khoo, Teresa"]
[Black "Partington, Anna"]
[Result "1/2-1/2"]
[WhiteElo "2136"]
[BlackElo "1784"]
[PlyCount "116"]
[EventDate "2002.01.19"]
[EventType "team-match"]
[EventCountry "ENG"]
[SourceTitle "BritBase"]
[Source "John Saunders"]
[SourceDate "2024.10.24"]
[SourceVersion "1"]
[SourceVersionDate "2024.10.24"]
[SourceQuality "1"]
[WhiteTeam "All Four Corners"]
[BlackTeam "Southern Counties Stars"]
[WhiteTeamCountry "ENG"]
[BlackTeamCountry "ENG"]

1. e4 Nc6 2. d4 d5 3. e5 Bf5 4. Nf3 Nb4 5. Na3 c5 6. c3 Nc6 7. dxc5 Be4 8. Bb5 Qc7 9. O-O e6 10. Be3 Bxf3 11. Qxf3 Qxe5 12. Rfe1 Qf6 13. Qg3 Rc8 14. Rad1 Nge7 15. Bg5 Qg6 16. Bd3 Nf5 17. Qf4 Be7 18. Bxe7 Ncxe7 19. Bxf5 Qxf5 20. Qxf5 Nxf5 21. Rxd5 Ne7 22. Rde5 O-O 23. b4 Rfd8 24. Nc4 Rd3 25. Nd6 Rb8 26. R5e3 Rd2 27. R3e2 Rd3 28. Re3 Rd2 29. a3 b6 30. Ne4 Rc2 31. R3e2 Rxe2 32. Rxe2 f5 33. Ng5 bxc5 34. Nxe6 cxb4 35. cxb4 a5 36. h3 axb4 37. axb4 Rxb4 38. Nxg7 Kxg7 39. Rxe7+ Kg6 40. Re2 Kg5 41. Kh2 h6 42. g3 Ra4 43. Kg2 h5 44. Re6 h4 45. Kf3 Ra3+ 46. Re3 Ra4 47. Rb3 Rc4 48. Rb8 Rc3+ 49. Kg2 hxg3 50. Rg8+ Kf6 51. fxg3 Kf7 52. Rd8 Kf6 53. Re8 Kf7 54. Re2 Kf6 55. Kf2 Kg5 56. Re3 Rc1 57. Rd3 Rc4 58. Kf3 Ra4 1/2-1/2

[Event "4NCL/2001-02/D3/SCS-AFC"]
[Site "Rd05-Birmingham"]
[Date "2002.01.19"]
[Round "5.7"]
[White "Gosden, Raymond"]
[Black "Hardman, Michael J"]
[Result "0-1"]
[WhiteElo "1720"]
[BlackElo "1960"]
[PlyCount "76"]
[EventDate "2002.01.19"]
[EventType "team-match"]
[EventCountry "ENG"]
[SourceTitle "BritBase"]
[Source "John Saunders"]
[SourceDate "2024.10.24"]
[SourceVersion "1"]
[SourceVersionDate "2024.10.24"]
[SourceQuality "1"]
[WhiteTeam "Southern Counties Stars"]
[BlackTeam "All Four Corners"]
[WhiteTeamCountry "ENG"]
[BlackTeamCountry "ENG"]

1. e4 c5 2. Nf3 d6 3. d4 cxd4 4. Nxd4 Nf6 5. Nc3 g6 6. Be3 Bg7 7. f3 Nc6 8. Qd2 O-O 9. Bc4 Bd7 10. O-O-O Rc8 11. Bb3 Ne5 12. Kb1 Nc4 13. Bxc4 Rxc4 14. h4 Qc7 15. h5 Rc8 16. hxg6 fxg6 17. Bh6 Nxe4 18. fxe4 Rxd4 19. Qf2 Rxd1+ 20. Nxd1 Bxh6 21. Rxh6 Qc5 22. Qd2 Rf8 23. Rh1 Qe5 24. Nc3 Bc6 25. Qd3 Rf4 26. Re1 Rg4 27. Qh3 Qg3 28. Qxg3 Rxg3 29. Re2 Kf7 30. Nd5 Bxd5 31. exd5 b5 32. Rf2+ Ke8 33. b3 Rg4 34. Kc1 Rd4 35. Rd2 Rxd2 36. Kxd2 e5 37. b4 h5 38. c4 bxc4 0-1

[Event "4NCL/2001-02/D3/SCS-AFC"]
[Site "Rd05-Birmingham"]
[Date "2002.01.19"]
[Round "5.8"]
[White "Truscott, Ian"]
[Black "Miller, Naomi"]
[Result "0-1"]
[WhiteElo "1680"]
[BlackElo "1368"]
[PlyCount "92"]
[EventDate "2002.01.19"]
[EventType "team-match"]
[EventCountry "ENG"]
[SourceTitle "BritBase"]
[Source "John Saunders"]
[SourceDate "2024.10.24"]
[SourceVersion "1"]
[SourceVersionDate "2024.10.24"]
[SourceQuality "1"]
[WhiteTeam "All Four Corners"]
[BlackTeam "Southern Counties Stars"]
[WhiteTeamCountry "ENG"]
[BlackTeamCountry "ENG"]

1. d4 Nf6 2. Bg5 Ne4 3. Bf4 d5 4. e3 Bf5 5. f3 Nd6 6. Bd3 e6 7. Nd2 Nd7 8. Qe2 c5 9. c3 cxd4 10. exd4 Qb6 11. Rb1 Be7 12. Bxf5 Nxf5 13. Nh3 Rc8 14. Nf2 Nh4 15. O-O Ng6 16. Be3 Qd6 17. Nb3 Bd8 18. Qd2 Bc7 19. g3 h5 20. Nd3 h4 21. g4 h3 22. f4 Nf6 23. Ne5 Nh4 24. Bf2 Nxg4 25. Bxh4 Rxh4 26. Qe1 Qe7 27. Qg3 Nh6 28. Qxg7 Bxe5 29. Qxe5 f6 30. Qe2 Rg4+ 31. Kh1 Qf7 32. Rbe1 Rc6 33. f5 Re4 34. fxe6 Rcxe6 35. Qb5+ Kf8 36. Rxe4 Rxe4 37. Qc5+ Kg7 38. Qd6 Rg4 39. Rg1 Qg6 40. Qd7+ Kh8 41. Qc8+ Kg7 42. Qd7+ Kg8 43. Qxd5+ Nf7 44. Re1 Rg5 45. Qf3 f5 46. Qxh3 Qc6+ 0-1

[Event "4NCL/2001-02/D3/WR2-SWD2"]
[Site "Rd05-Birmingham"]
[Date "2002.01.19"]
[Round "5.1"]
[White "Gourlay, Iain"]
[Black "Morris, Charles F"]
[Result "1-0"]
[WhiteElo "2183"]
[BlackElo "2253"]
[PlyCount "61"]
[EventDate "2002.01.19"]
[EventType "team-match"]
[EventCountry "ENG"]
[SourceTitle "BritBase"]
[Source "John Saunders"]
[SourceDate "2024.10.24"]
[SourceVersion "1"]
[SourceVersionDate "2024.10.24"]
[SourceQuality "1"]
[WhiteTeam "White Rose 2"]
[BlackTeam "South Wales Dragons 2"]
[WhiteTeamCountry "ENG"]
[BlackTeamCountry "WLS"]

1. Nf3 d5 2. g3 c5 3. Bg2 Nc6 4. d4 e6 5. O-O Nf6 6. c4 Be7 7. cxd5 exd5 8. Nc3 O-O 9. Bg5 cxd4 10. Nxd4 h6 11. Be3 Re8 12. Rc1 Bg4 13. h3 Be6 14. Nxc6 bxc6 15. Bd4 Qd7 16. Kh2 Red8 17. Na4 Ne4 18. Nc5 Bxc5 19. Bxc5 Rab8 20. Qd4 Nd6 21. Bxd6 Qxd6 22. b3 Qa3 23. Rc2 Rb5 24. Rxc6 Qxa2 25. Ra1 Qxe2 26. Bf1 Rb4 27. Qxb4 Qxf2+ 28. Bg2 d4 29. Rd6 Rxd6 30. Qxd6 Bxb3 31. Qb8+ 1-0

[Event "4NCL/2001-02/D3/WR2-SWD2"]
[Site "Rd05-Birmingham"]
[Date "2002.01.19"]
[Round "5.2"]
[White "Jones, Richard S"]
[Black "Burnett, James"]
[Result "1-0"]
[WhiteElo "2174"]
[BlackElo "2218"]
[PlyCount "45"]
[EventDate "2002.01.19"]
[EventType "team-match"]
[EventCountry "ENG"]
[SourceTitle "BritBase"]
[Source "John Saunders"]
[SourceDate "2024.10.24"]
[SourceVersion "1"]
[SourceVersionDate "2024.10.24"]
[SourceQuality "1"]
[WhiteTeam "South Wales Dragons 2"]
[BlackTeam "White Rose 2"]
[WhiteTeamCountry "WLS"]
[BlackTeamCountry "ENG"]

1. e4 d5 2. exd5 Qxd5 3. Nc3 Qa5 4. d4 Nf6 5. Nf3 c6 6. Bc4 Bf5 7. Bd2 e6 8. Nd5 Qd8 9. Nxf6+ Qxf6 10. Qe2 Qd8 11. O-O-O Nd7 12. Ne5 Nxe5 13. dxe5 Qc7 14. g4 Bg6 15. f4 O-O-O 16. Rhf1 h6 17. f5 exf5 18. gxf5 Bh7 19. e6 Bd6 20. exf7 Bxh2 21. Bc3 Bf4+ 22. Kb1 Bxf5 23. Bxg7 1-0

[Event "4NCL/2001-02/D3/WR2-SWD2"]
[Site "Rd05-Birmingham"]
[Date "2002.01.19"]
[Round "5.3"]
[White "Wise, David"]
[Black "Blackburn, Jonathan LB"]
[Result "1-0"]
[WhiteElo "2193"]
[BlackElo "2162"]
[PlyCount "53"]
[EventDate "2002.01.19"]
[EventType "team-match"]
[EventCountry "ENG"]
[SourceTitle "BritBase"]
[Source "John Saunders"]
[SourceDate "2024.10.24"]
[SourceVersion "1"]
[SourceVersionDate "2024.10.24"]
[SourceQuality "1"]
[WhiteTeam "White Rose 2"]
[BlackTeam "South Wales Dragons 2"]
[WhiteTeamCountry "ENG"]
[BlackTeamCountry "WLS"]

1. d4 e6 2. Nf3 Nf6 3. e3 b6 4. Bd3 Bb7 5. O-O Be7 6. c4 O-O 7. Nc3 d5 8. cxd5 exd5 9. b3 c5 10. Bb2 Nc6 11. Rc1 Re8 12. dxc5 Bxc5 13. Ne2 Ne4 14. Ned4 Nb4 15. Bb1 a5 16. a3 Na6 17. Nf5 Bf8 18. Ne5 f6 19. Qg4 Ng5 20. Nd7 h5 21. Nh6+ gxh6 22. Qf5 Re6 23. Nxf6+ Kf7 24. Nh7+ Ke8 25. Nxg5 hxg5 26. Qxe6+ Qe7 27. Bg6+ 1-0

[Event "4NCL/2001-02/D3/WR2-SWD2"]
[Site "Rd05-Birmingham"]
[Date "2002.01.19"]
[Round "5.4"]
[White "Spice, Alan P"]
[Black "Thurlow, Kevin J"]
[Result "1/2-1/2"]
[WhiteElo "2201"]
[BlackElo "2185"]
[PlyCount "111"]
[EventDate "2002.01.19"]
[EventType "team-match"]
[EventCountry "ENG"]
[SourceTitle "BritBase"]
[Source "John Saunders"]
[SourceDate "2024.10.24"]
[SourceVersion "1"]
[SourceVersionDate "2024.10.24"]
[SourceQuality "1"]
[WhiteTeam "South Wales Dragons 2"]
[BlackTeam "White Rose 2"]
[WhiteTeamCountry "WLS"]
[BlackTeamCountry "ENG"]

1. Nc3 d5 2. e4 d4 3. Nce2 e5 4. Ng3 Bd6 5. c3 c5 6. Bb5+ Nc6 7. Qa4 Bd7 8. Nf5 Bxf5 9. Bxc6+ Bd7 10. Bxd7+ Qxd7 11. Qxd7+ Kxd7 12. c4 Ne7 13. d3 b5 14. b3 bxc4 15. bxc4 Rhb8 16. Kd1 Nc6 17. Nf3 a5 18. a4 Rb3 19. Ke2 Rab8 20. Nd2 R3b4 21. Rd1 Be7 22. Nf3 Ke6 23. Ne1 h6 24. g3 g5 25. Nc2 Rb3 26. Na3 f5 27. f3 Nb4 28. Nb5 Rb7 29. Ra3 Rxa3 {(=)} 30. exf5+ Kxf5 31. g4+ Ke6 32. Bxa3 Bd8 33. Ra1 Bb6 34. Bc1 Rh7 35. Bd2 Rh8 36. Rh1 Bd8 37. Be1 h5 38. Kd2 Rf8 39. Ke2 Rh8 40. Bg3 Nc2 41. gxh5 Rxh5 42. Kd2 Nb4 43. Re1 Nc6 44. Na3 Rh7 45. Rb1 Nb4 46. Rb2 Rf7 47. Ke2 Nxd3 48. Rb8 Bc7 49. Rb7 Nf4+ 50. Bxf4 exf4 51. Nb5 Bd8 52. Rxf7 Kxf7 53. Nd6+ Ke6 54. Ne4 Be7 55. Nf2 Kf5 56. Ng4 1/2-1/2

[Event "4NCL/2001-02/D3/WR2-SWD2"]
[Site "Rd05-Birmingham"]
[Date "2002.01.19"]
[Round "5.5"]
[White "White, Mark W"]
[Black "Trevelyan, John"]
[Result "1/2-1/2"]
[WhiteElo "2108"]
[BlackElo "2178"]
[PlyCount "85"]
[EventDate "2002.01.19"]
[EventType "team-match"]
[EventCountry "ENG"]
[SourceTitle "BritBase"]
[Source "John Saunders"]
[SourceDate "2024.10.24"]
[SourceVersion "1"]
[SourceVersionDate "2024.10.24"]
[SourceQuality "1"]
[WhiteTeam "White Rose 2"]
[BlackTeam "South Wales Dragons 2"]
[WhiteTeamCountry "ENG"]
[BlackTeamCountry "WLS"]

1. e4 d6 2. d4 e5 3. c3 Nf6 4. Bd3 Be7 5. Nf3 Nbd7 6. O-O O-O 7. Be3 c6 8. Qc2 Re8 9. Re1 h6 10. Nbd2 Ng4 11. a4 Nxe3 12. Rxe3 Bf6 13. Nc4 Nf8 14. Rd1 Qc7 15. dxe5 dxe5 16. Be2 Be6 17. b4 Rad8 18. Rxd8 Rxd8 19. Nb2 Ng6 20. Rd3 Nf4 21. Rxd8+ Qxd8 22. Bc4 Bg4 23. Ne1 g5 24. a5 Kg7 25. f3 Bc8 26. Ned3 Qd6 27. Qb3 Qc7 28. Nf2 h5 29. g3 Ng6 30. Nbd1 b5 31. Bf1 Be6 32. Qc2 Qd7 33. Ne3 Be7 34. Qd3 c5 35. Nf5+ Bxf5 36. exf5 Qxd3 37. Nxd3 c4 38. fxg6 cxd3 39. Bxd3 e4 40. Bxb5 Bf6 41. gxf7 Bxc3 42. Be8 Bxb4 43. fxe4 1/2-1/2